000 00232 a2200097 4500
001 33949
100 _aTahir Ul Qadri, Prof Dr.
245 _aTizkaar e Risalat Vol I [Urdu]
260 _a
_bMinhaj ul Quran
_c
090 _c22514
_d22514
942 _aNUST-CAE
_cM
_c13908
999 _c269022
_d269022